The ALLL environment-using object-oriented concepts in LISP

Bibliographic Details
Main Authors: Erling, Orri (Author), Pirinen, Pekka P. (Author), Lassila, Ora (Author)
Format: Article
Language:English
PhysicalDescription:Res. angl., rus., lit. 4 zázn. v angl.
Subjects:

MARC

LEADER 00000nab a2200000 a 4500
001 vtls000421876
003 SK-MaSNL
005 20260318122607.0
008 230217c1986 xo 0 eng
015 |a SNBRB19rr/mm-uuuuu 
035 |a CL0422004 
035 |a urn:nbn:sk:snk-ab1q2n 
035 |a (urnnbn)urn:nbn:sk:snk:ar-004xx8 
035 |a (uuid)59574007-1775-4db8-82ce-dfec4ddf0c3e 
040 |a SNKBUCL  |b slo  |c SNKBUCL  |e AACR2 
041 0 |a eng 
044 |a xo  |c SK 
080 |a 519.682:681.3-181.4  |2 1981 
080 |a 681.3-181.4  |2 1981 
100 1 |a Erling, Orri  |4 aut  |9 1542034 
245 1 4 |a The ALLL environment-using object-oriented concepts in LISP  |c Orri Erling, Pekka P. Pirinen, Ora Lassila 
300 |b Res. angl., rus., lit. 4 zázn. v angl. 
650 0 7 |a programovacie jazyky  |2 snkbucl  |9 1838 
650 0 7 |a LISP (jazyk programovací)  |2 snkbucl  |9 1155486 
650 0 7 |a ALLL (jazyk programovací)  |2 snkbucl  |9 1542035 
650 0 7 |a mikropočítače  |2 snkbucl  |9 119517 
655 7 |a články z novín a časopisov  |2 snkbucl  |9 267496 
700 1 |a Pirinen, Pekka P.  |4 aut  |9 1542036 
700 1 |a Lassila, Ora  |4 aut  |9 1542037 
773 0 |t Computers and artificial intelligence  |g Roč. 5, č. 3 (1986), s. 253-258 
850 |a Slovenská národná knižnica v Martine  |a MTA001 
852 |a SNK  |b KIS3GCP 
958 |a RK 
958 |a OND 
958 |a EUIPO 
958 |a article27 
992 |a RBX 
999 |c 3127069  |d 3128999